| 000 | 01782cam a2200361 a 4500 | ||
|---|---|---|---|
| 001 | EDZ0000062076 | ||
| 003 | StDuBDS | ||
| 005 | 20161031105111.0 | ||
| 006 | m||||||||d|||||||| | ||
| 007 | cr ||||||||||| | ||
| 008 | 120307s2002 caua fo| 001|0|eng|d | ||
| 020 |
_a9781452233871 (ebook) : _cNo price |
||
| 040 |
_aStDuBDS _beng _cStDuBDS _epn |
||
| 049 | _aAlfaisal Main Library | ||
| 050 | 0 |
_aHQ536 _b.C386 2002 |
|
| 082 | 0 | 4 |
_a306.850973 _223 |
| 100 | 1 | _aCasper, Lynne M. | |
| 245 | 1 | 0 |
_aContinuity and change in the American family _h[electronic resource] / _cLynne M. Casper, Suzanne M. Bianchi. |
| 260 |
_aThousand Oaks, Calif. ; _aLondon : _bSAGE, _cc2002. |
||
| 300 |
_a1 online resource (xxxv, 370 p.) : _bill. |
||
| 504 | _aIncludes bibliographical references and index. | ||
| 520 | 8 | _aThis book provides a comprehensive description of the social demography of the American family. Looking at family continuity and change in the latter half of the 20th century, it explores such topics as the growth in cohabitation and changes in childbearing and how these trends affect family life. Other topics include the changing lives of single mothers, fathers, and grandparents and increasing economic disparities among families; childcare and child well being; and combining paid work and family. | |
| 521 | _aSpecialized. | ||
| 588 | _aDescription based on print version record. | ||
| 650 | 0 |
_aFamilies _zUnited States. |
|
| 650 | 0 |
_aSocial change _zUnited States. |
|
| 655 | 7 |
_aElectronic books. _2local |
|
| 700 | 1 | _aBianchi, Suzanne M. | |
| 710 | 2 | _aSage eBooks | |
| 776 | 0 | 8 |
_iPrint version : _z9780761920090 |
| 856 | 4 | 0 | _uhttp://ezproxy.alfaisal.edu/login?url=http://sk.sagepub.com/books/continuity-and-change-in-the-american-family |
| 942 |
_2lcc _cEBOOKS |
||
| 999 |
_c479307 _d479307 |
||